000
00243nam a2200109Ia 4500
008
220204s9999 xx 000 0 und d
082
_a
82-3
_b
HEY
100
_a
Heyer, Georgette
245
4
_a
The Black moth
260
_b
Pan
_c
1977
942
_c
BK
999
_c
33759
_d
33759